Normal view
MARC view
- Liaqat, Maryam
Entry Personal Name
001 - CONTROL NUMBER
- control field: 122996
003 - CONTROL NUMBER IDENTIFIER
- control field: NUST
005 - DATE AND TIME OF LATEST TRANSACTION
- control field: 20240528163306.0
008 - FIXED-LENGTH DATA ELEMENTS
- fixed length control field: 240528|| aca||aabn | a|a d
040 ## - CATALOGING SOURCE
- Original cataloging agency: NUST
- Transcribing agency: NUST
100 ## - HEADING--PERSONAL NAME
- Personal name: Liaqat, Maryam
670 ## - SOURCE DATA FOUND
- Source citation: Work cat.: (NUST): Liaqat, Maryam, EMERGENCE AND TRANSFORMATION OF TRUST IN WORK TEAMS: A MULTIPLE CASE STUDY OF IT TEAMS/
